Social politics and population growth in Mauritius (Record no. 433416)

000 -LEADER
fixed length control field 00448cam a22001457a 4500
008 - FIXED-LENGTH DATA ELEMENTS--GENERAL INFORMATION
fixed length control field 180718b1960 xxu||||| |||| 00| 0 eng d
082 ## - DEWEY DECIMAL CLASSIFICATION NUMBER
Classification number Q5x6982 T538
100 ## - MAIN ENTRY--PERSONAL NAME
Personal name Titmuss, Richard M.
245 ## - TITLE STATEMENT
Title Social politics and population growth in Mauritius
Statement of responsibility, etc. by Richard M. Titmuss and Brian Abel-Smith
260 ## - PUBLICATION, DISTRIBUTION, ETC.
Place of publication, distribution, etc. London
Name of publisher, distributor, etc. Methuen
Date of publication, distribution, etc. 1960
300 ## - PHYSICAL DESCRIPTION
Extent 308p.
650 ## - SUBJECT ADDED ENTRY--TOPICAL TERM
Topical term or geographic name entry element Population growth-Mauritius
650 ## - SUBJECT ADDED ENTRY--TOPICAL TERM
Topical term or geographic name entry element Politics
700 ## - ADDED ENTRY--PERSONAL NAME
Personal name Abel-Smith, Brian
Holdings
Withdrawn status Lost status Damaged status Not for loan Permanent Location Current Location Date acquired Full call number Barcode Date last seen Price effective from Koha item type
        Indian Institute of Public Administration Indian Institute of Public Administration 2010-02-09 Q5x6982 T538 27101 2018-07-21 2018-07-21 Book

Powered by Koha